Statistiques concernant Liste des jeux Kirby

Cliquez ici pour prendre le quiz!

Statistiques générales

  • Ce quiz a été pris 55 fois
  • Le résultat moyen est 7 sur 28

Statistiques - réponses

Jeu% Correct
Kirby Star Allies
72%
Kirby Triple Deluxe
64%
Kirby Planet Robobot
62%
GameboyKirby's Dreamland
59%
Kirby Super Star
49%
Kirby's Dreamland 2
46%
Kirby's Dreamland 3
44%
Kirby: Mass Attack
36%
Kirby: Au fil de l'aventure
33%
Kirby et le pinceau arc-en-ciel
33%
Kirby's Adventure Wii
33%
Kirby: Les souris attaquent
26%
Kirby 64: The Crystal Shards
21%
Kirby Air Ride
21%
Kirby et le labyrinthe des miroirs
21%
Kirby Super Star Ultra
21%
Kirby Battle Royale
15%
Kirby: Cauchemar au pays des rêves
15%
Kirby: Le pinceau du pouvoir
15%
Super Kirby Clash
15%
Kirby's Aventure
10%
Kirby: Au fil de la grande aventure
5%
Kirby's Pinball
5%
Kirby Tilt 'n' Tumble
5%
Kirby's Dream Course
3%
Kirby's Star Stacker
3%
Kirby's Block Ball
0%
Kirby's Ghost Trap
0%

Distribution des résultats

Percentile par nombre de réponses

% des personnes avec chaque résultat

Votre développement - résultats

Vous n’avez pas pris ce quiz